<?xml version="1.0" encoding="UTF-8"?>
<collection xmlns="http://www.loc.gov/MARC21/slim">
  <record>
    <leader>00000nam  2200000   4500</leader>
    <controlfield tag="001">INLIS000000000016046</controlfield>
    <controlfield tag="005">20231023085950</controlfield>
    <datafield tag="035" ind1="#" ind2="#">
      <subfield code="a">0010-1023000128</subfield>
    </datafield>
    <controlfield tag="007">ta</controlfield>
    <controlfield tag="008">231023################g##########0#eng##</controlfield>
    <datafield tag="020" ind1="#" ind2="#">
      <subfield code="a">0137100477</subfield>
    </datafield>
    <datafield tag="082" ind1="#" ind2="#">
      <subfield code="a">407</subfield>
    </datafield>
    <datafield tag="084" ind1="#" ind2="#">
      <subfield code="a">407 KRA p</subfield>
    </datafield>
    <datafield tag="100" ind1=" " ind2="#">
      <subfield code="a">Krashen, Stephen D.</subfield>
    </datafield>
    <datafield tag="245" ind1="1" ind2="#">
      <subfield code="a">Principles and Practice in Second Language Acquisition /</subfield>
      <subfield code="c">Stephen D. Krashen</subfield>
    </datafield>
    <datafield tag="260" ind1="#" ind2="#">
      <subfield code="a">UK :</subfield>
      <subfield code="b">Prentice Hall International,</subfield>
      <subfield code="c">1982</subfield>
    </datafield>
    <datafield tag="300" ind1="#" ind2="#">
      <subfield code="a">212 halaman :</subfield>
      <subfield code="b">ilus ;</subfield>
      <subfield code="c">20 x 15 cm</subfield>
    </datafield>
    <datafield tag="500" ind1="#" ind2="#">
      <subfield code="a">This text explores the relationship between second language teaching practice and what is known about the process of second language acquisition and summarizes the current state of second language acquisition theory.&#13;
-- Draws general conclusions about the application of theory to methods and materials and describes the characteristics that effective materials should include.&#13;
-- Concludes that language acquisition occurs best when language is used for the purpose for which it was communication.</subfield>
    </datafield>
    <datafield tag="650" ind1="#" ind2="4">
      <subfield code="a">Pendidikan Bahasa, Riset Bahasa dan Topik Terkait tentang Bahasa</subfield>
    </datafield>
    <datafield tag="990" ind1="#" ind2="#">
      <subfield code="a">22175</subfield>
    </datafield>
    <datafield tag="990" ind1="#" ind2="#">
      <subfield code="a">22034</subfield>
    </datafield>
  </record>
</collection>
